1564 1234 1362 1103 1284 1182 1648 1763 1800 1458 1287 1585 1145 1436 1421 1912 1608 1298 1474 1228 1618 1341 1740 1460 1404 1568 1282 1863 1125 1248 1716 1531 1305 1292 1231 1538 1933 1115 1983 1212 1495 1076 1934 1203 1239 1606 1611 1277 1968 1696 1090 1047 1111 1696 1739 1480 1689 1009 1497 1683 1665 1690 1426 1192 1536 1592 1121 1650 1803 1327 1253 1774 1364 1565 1996 1597 1536 1937 1253 1356 1016 1416 1589 1370 1411 1932 1505 1606 1488 1730 1418 1144 1614 1917 1209 1657 1221 1364 1138 BCNSPRNW ULIB Ver.6.0+V

เปลี่ยนเป็นภาษาไทย

Change to English
 แสดงรายละเอียดบรรณานุกรม
  กลับหน้าหลัก

Brief Record : Get Marc (ISO 2709) : E-mail record : QR code < ปิดหน้าต่าง
LEADER : 00000nam 2200000uu 4500
001    13399124505
003     ULIB
008    150817s2556 th a 000 0 tha d
020    9789749804223
020    9789749804228
090    นว.^bล158ร ล.5
100    ล่อร่า อิงกัลล์ส์ ไวล์เดอร์;^eผู้แต่ง
245    ริมทะเลสาบสีเงิน/^cล่อร่า อิงกัลล์ส์ ไวล์เดอร์. ; เขียน ,สุคนธรส. ; แปล
250    พิมพ์ครั้งที่ 9
260    กรุงเทพฯ :^bแพรวเยาวชน,^c2556
300    295 หน้า;^b18.5 ซม.
500    หนังสือชุดบ้านเล็ก
700    สุคนธรส ;^eแปล
945    ^p215^l0^i039776
999    ^aทศพร
รายการนี้ยังไม่มีแท็ก
คุณยังไม่ได้ล็อกอิน คุณสามารถมีกิจกรรมร่วมกับเว็บไซต์ได้ แต่ต้องล็อกอินก่อน ::
  ล็อกอิน

รายการสื่อสารสนเทศ

ลำดับที่ ประเภท เลขเรียก/บาร์โค้ด สถานที่ สถานะ
1. นวนิยาย
นวนิยาย
นว. ล158ร ล.5 ฉ.1 
  Barcode: 039776
ห้องสมุดวิทยาเขตสวรรค์ประชารักษ์
►นวนิยาย
บนชั้น
  ขอยืม

BibComment


ยังไม่เคยถูกคอมเมนท์

คอมเมนท์ทรัพยากรรายการนี้
  คอมเมนท์: ริมทะเลสาบสีเงิน ..


 Copyright 2026. Bcnsprnw @Library